| 000 | 00472nam a2200193Ia 4500 | ||
|---|---|---|---|
| 008 | 170918s9999 xx 000 0 und d | ||
| 020 | _a1853262374 | ||
| 050 | _bE42mi 2000 | ||
| 100 | _aEliot, George | ||
| 245 | _aMiddlemarch / | ||
| 245 | _cby George Eliot. | ||
| 260 | _aWare, Hertfordshire : | ||
| 260 | _bWordsworth classics, | ||
| 260 | _c2000 | ||
| 300 | _a702 pages : | ||
| 300 | _billustrations ; | ||
| 300 | _c19cm. | ||
| 300 | _eWordsworth classics. | ||
| 999 |
_c343460 _d343460 |
||